| 000 | 00601nam a2200217 a 4500 | ||
|---|---|---|---|
| 001 | 35827 | ||
| 003 | 35922 | ||
| 005 | 20211209052403.0 | ||
| 008 | 140610s1957 enk 001 0 eng d | ||
| 035 | _a(BD-RjUL)35922 | ||
| 040 |
_aWSU _beng _cBD-RjUL |
||
| 041 | _aeng | ||
| 082 |
_a320.0 _bLAS 1957 |
||
| 100 | 1 |
_aLampert, Evgeniĭ, _d1913- _9109120 |
|
| 245 | 1 | 0 |
_aStudies in rebellion / _cby E. Lampert. |
| 260 |
_aLondon : _bRoutledge and K. Paul, _c1957 |
||
| 300 |
_axi, 295 p. ; _c22 cm. |
||
| 650 | 0 |
_aRevolutionaries _zSoviet Union _xHistory. _9109121 |
|
| 942 |
_2ddc _cBK |
||
| 999 |
_c35827 _d35827 |
||